| 000 | 01056nam a22002417a 4500 | ||
|---|---|---|---|
| 999 |
_c12220 _d12220 |
||
| 003 | AR-CdUCM | ||
| 008 | 190408b ||||| |||| 00| 0 spa d | ||
| 040 |
_aMUNICIPALIDAD PROVINCIAL DEL CUSCO _cBIBLIOTECA MUNICIPAL DEL CUSCO |
||
| 082 |
_22ed. _a878.12 / _bC48 / 1798 |
||
| 100 |
_aCésar, Cayo Julio, _929968 |
||
| 245 | _aLos comentarios de C. Julio César de la guerra civil / | ||
| 260 |
_aMadrid : _bImprenta Real, _c1798. |
||
| 300 |
_a526 paginas ; _c20 cm. |
||
| 500 | _aDedicatoria | ||
| 505 | _aContenido : t.2 : Alteraciones en Roma por el decreto del senado de que César licenciase el exército para cierto día -- Comisiones de Pompeyo a César y de este á Pompeyo sobre la paz -- Otra batalla de César con Afranio sobre Lerida -- Combate próspero de la escuadra de César sobre Marsella... | ||
| 650 |
_aPompeyo _929969 |
||
| 650 |
_aAlexander _929970 |
||
| 650 |
_aGuerra civil _91772 |
||
| 650 |
_aEmperador. _918364 |
||
| 700 |
_aValbuena, Manuel de, (Traductor) _929971 |
||
| 942 |
_2ddc _cLIBROS |
||
| 945 |
_awnts _d2019-04-08 |
||